Statistics for Countries in South Asia With an Empty Map

Click here to take the quiz!

General Stats

  • This quiz has been taken 434 times
  • The average score is 7 of 8

Answer Stats

Countries % Correct
India
98%
Nepal
90%
Pakistan
89%
Bangladesh
85%
Afghanistan
83%
Bhutan
83%
Sri Lanka
78%
Maldives
65%

Score Distribution

Percentile by Number Answered

Percent of People with Each Score

Your Score History

You have not taken this quiz